Von der Lausitz profitieren (Titelsatznr. 372218)
[ MARC ]
| 000 -Satzkennung | |
|---|---|
| Kontrollfeld mit fester Länge | 00724nam a22001937a 4500 |
| 008 - Feld mit fester Länge zur physischen Beschreibung - Allgemeine Angaben | |
| Kontrollfeld mit fester Länge | 201127b ||||| |||| 00| 0 eng d |
| 040 ## - Katalogisierungsquelle | |
| Original-Katalogisierungsstelle | DE-2950 |
| Katalogisierungssprache | ger |
| Übertragungsstelle | DE-2950 |
| Beschreibungsfestlegungen | rda |
| 041 ## - Sprachcode | |
| Sprachcode des Textes/der Tonspur oder des separaten Titels | ger |
| 245 ## - Titel | |
| Haupttitel | Von der Lausitz profitieren |
| Titelzusatz | Wirtschaft. Meinungsaustausch mit dem Mittelstand über den Kohleausstieg und die Chancen für Frankfurter Unternehmen/ |
| Verantwortlichkeitsangabe | hk |
| 264 ## - Veröffentlichungsangabe, Vertriebsangabe, Herstellungsangabe | |
| Erscheinungs-, Vertriebs-, Herstellungsdatum | 2023 |
| 653 ## - Lokales Schlagwort | |
| Nicht-normierter Term | Frankfurt (Oder) |
| 653 ## - Lokales Schlagwort | |
| Nicht-normierter Term | Wirtschaftschancen |
| 653 ## - Lokales Schlagwort | |
| Nicht-normierter Term | Kohleausstieg |
| 773 ## - Übergeordnete Einheit | |
| Ort, Verlag und Erscheinungsjahr | Frankfurt (Oder) Märkisches Verlags- und Druckhaus GmbH & Co KG |
| Titel | Märkische Oderzeitung |
| Verknüpfungsangaben | 34. Jahrgang (2023) Nr. 38 vom 14.02.2023, S.15: mit Foto |
| 942 ## - Zusätzliche Felder (Koha) | |
| Koha-Medientyp | Aufsätze |
Keine Exemplare verfügbar.